The Usborne book of Art Ideas (Record no. 2678)

MARC details
000 -LEADER
fixed length control field 00223nam a22000857a 4500
008 - FIXED-LENGTH DATA ELEMENTS--GENERAL INFORMATION
fixed length control field 160804b xxu||||| |||| 00| 0 eng d
100 ## - MAIN ENTRY--PERSONAL NAME
9 (RLIN) 27
Personal name Watt F
245 ## - TITLE STATEMENT
Title The Usborne book of Art Ideas
260 ## - PUBLICATION, DISTRIBUTION, ETC. (IMPRINT)
Place of publication, distribution, etc. New Delhi
Name of publisher, distributor, etc. Scholastic
Date of publication, distribution, etc. 2004
Holdings
Withdrawn status Lost status Source of classification or shelving scheme Damaged status Koha normalized classification for sorting Not for loan Home library Current library Shelving location Date acquired Total Checkouts Full call number Barcode Date last seen Price effective from Koha item type
    Dewey Decimal Classification   700_000000000000000   Good Samaritan School Library Good Samaritan School Library ART & CRAFT 08/04/2016   700 WAT10568 08/04/2016 08/04/2016 BOOK
    Dewey Decimal Classification   700_000000000000000   Good Samaritan School Library Good Samaritan School Library ART & CRAFT 08/04/2016   700 WAT10569 08/04/2016 08/04/2016 BOOK

Powered by Koha